The Clue Of The Whistling Bagpipes (Record no. 8907)
[ view plain ]
| 000 -LEADER | |
|---|---|
| fixed length control field | 01087nam a22002177a 4500 |
| 003 - CONTROL NUMBER IDENTIFIER | |
| control field | OSt |
| 005 - DATE AND TIME OF LATEST TRANSACTION | |
| control field | 20260311005335.0 |
| 008 - FIXED-LENGTH DATA ELEMENTS--GENERAL INFORMATION | |
| fixed length control field | 260311b |||||||| |||| 00| 0 eng d |
| 020 ## - INTERNATIONAL STANDARD BOOK NUMBER | |
| International Standard Book Number | 0448095416 |
| 040 ## - CATALOGING SOURCE | |
| Original cataloging agency | DWCL GS lib |
| Transcribing agency | OC |
| 082 ## - DEWEY DECIMAL CLASSIFICATION NUMBER | |
| Classification number | Fic. K26c 1992 |
| 100 ## - MAIN ENTRY--PERSONAL NAME | |
| Personal name | Keene Carolyn |
| 245 ## - TITLE STATEMENT | |
| Title | The Clue Of The Whistling Bagpipes |
| Statement of responsibility, etc. | Carolyn Keene |
| 260 ## - PUBLICATION, DISTRIBUTION, ETC. | |
| Place of publication, distribution, etc. | New York |
| Name of publisher, distributor, etc. | Carolyn Keene |
| Date of publication, distribution, etc. | 1964 |
| 300 ## - PHYSICAL DESCRIPTION | |
| Extent | Extent- vii, 177 pages: |
| Other physical details | illustrations ; |
| Dimensions | 20cm |
| 520 ## - SUMMARY, ETC. | |
| Summary, etc. | follows Nancy Drew to the Scottish Highlands to solve a missing family heirloom mystery. Amidst threats, she encounters eerie bagpipe noises, a red-bearded stranger, and missing sheep. |
| 650 ## - SUBJECT ADDED ENTRY--TOPICAL TERM | |
| Topical term or geographic name entry element | (1964) is the 41st installment in the Nancy Drew Mystery Stories series by Carolyn Keene. The "conduct of life" depicted in this novel focuses on the proactive, brave, and intellectually curious nature of Nancy Drew, who navigates unfamiliar territory and personal danger to solve crimes. |
| 650 ## - SUBJECT ADDED ENTRY--TOPICAL TERM | |
| Topical term or geographic name entry element | the moral lessons focus on courage, family, and vigilance |
| 700 ## - ADDED ENTRY--PERSONAL NAME | |
| Personal name | Carolyn Keene |
| 942 ## - ADDED ENTRY ELEMENTS (KOHA) | |
| Source of classification or shelving scheme | Dewey Decimal Classification |
| Koha item type | Fiction |
| Suppress in OPAC | No |
No items available.